000 00392 a2200169 4500
001 73610
020 _a850106548-X
040 _cAnchieta - Colégio São Paulo
100 _aPinto, Margarida Rebelo
240 1 0 _aNão há coincidências
_lpor
245 1 0 _aNão há coincidências
300 _a286
362 0 _a2000
440 1 _aRecord
650 4 _aFicção portuguesa
942 _cBK
999 _c73610
_d73610